A history of american law
Uloženo v:
| Hlavní autor: | |
|---|---|
| Médium: | Kniha |
| Jazyk: | angličtina |
| Vydáno: |
Nueva York
A Touchstone Book
2005
|
| Vydání: | 3a. ed |
| Témata: | |
| Tagy: |
Přidat tag
Žádné tagy, Buďte první, kdo vytvoří štítek k tomuto záznamu!
|
MARC
| LEADER | 00000nam a2200000 a 4500 | ||
|---|---|---|---|
| 001 | UCH9322 | ||
| 003 | CL-VaPUC | ||
| 008 | 091231e20050000US |||||||||||||||||eng|d | ||
| 020 | |a 0684869888 | ||
| 082 | 0 | 4 | |a 340.09 |b FRI |2 21 |
| 100 | 0 | |a Friedman, Lawrence M |e author |9 546292 | |
| 245 | 1 | 2 | |a A history of american law |
| 250 | |a 3a. ed | ||
| 300 | |a 620 p | ||
| 942 | |c BK | ||
| 945 | |d 20091231 00:00:00 |a dcastane | ||
| 260 | |a Nueva York |b A Touchstone Book |c 2005 | ||
| 650 | 0 | |a Derecho administrativo |9 254851 | |
| 650 | 0 | |a Derecho americano |9 395047 | |
| 650 | 7 | |a DERECHO Y ECONOMIA |2 CL-VaPUC |9 255885 | |
| 650 | 0 | |a Propiedad |9 255268 | |
| 650 | 0 | |a Historia del derecho |9 255109 | |
| 651 | 0 | |a Estados Unidos |9 255178 | |
| 583 | |a last modification |c 20091231 00:00:00 |k Rodrigo Vera | ||
| 999 | |c 339311 |d 339309 | ||
| 952 | |0 0 |1 0 |4 0 |6 340_090000000000000_FRI_2005 |7 0 |8 A |9 432887 |a BIBDER |b BIBDER |d 2019-11-22 |i 4631072 |o 340.09 FRI 2005 |p 4631072 |r 2023-01-25 |w 2019-11-22 |y BK |k DER | ||